| 000 | 00698nam a22002297a 4500 | ||
|---|---|---|---|
| 005 | 20170123162345.0 | ||
| 010 | _aA-770652 | ||
| 020 | _c9.00 | ||
| 035 | _aA-770652 | ||
| 037 | _bCen Lib/Ret | ||
| 040 |
_aDPL _bUR |
||
| 082 |
_a910.4 _bب ش ر |
||
| 100 |
_aبشرا رحمان _9131274 |
||
| 245 |
_aٹک ٹک دیدم ٹوکیو / _cبشرا رحمان |
||
| 246 |
_aTuk tuk deeedam Tokyo / _bby Bushra Rehman |
||
| 260 |
_aدہلی _bساقی بک ڈپو _c1995 |
||
| 270 |
_bدہلی _a٤١٥٧، اردو بازار _e110006 |
||
| 300 |
_a444p. _c17cm(Hb) |
||
| 650 |
_aسفر _91931 |
||
| 650 |
_aTravologues _9131275 |
||
| 942 |
_2ddc _cUR _h910.4 _mب ش ر |
||
| 999 |
_c108856 _d108856 |
||